| 000 | 01025nam a2200301Ia 4500 | ||
|---|---|---|---|
| 005 | 20220317000248.0 | ||
| 008 | 141031s9999 ck 000 0 spa d | ||
| 020 | _a9788492608300 | ||
| 100 | 1 |
_aGrimm, Jacob, _d1785-1863 |
|
| 245 | 1 | 4 |
_aLos cuatro amigos _cJ y W Grimm ; ilustraciones Gabriel Pacheco ; traducción Marc Taeger |
| 250 | _a1a edición | ||
| 300 |
_a[28] páginas sin enumerar _bilustraciones _c23 cm. |
||
| 534 | _tDie bremer stadtmusikanten | ||
| 650 | 1 | 4 |
_2LEMB _aCuentos infantiles alemanes |
| 650 | 1 | 4 |
_2LEMB _aAnimales _vCuento |
| 650 | 1 | 4 |
_2LEMB _aAmistad _vCuento |
| 650 | 1 | 4 |
_2LEMB _aLadrones _vCuento |
| 700 | 1 |
_aGrimm, Wilhelm Karl, _d1786-1859 _914184 |
|
| 700 | 1 |
_aPacheco, Gabriel _eilustrador _914185 |
|
| 700 | 1 |
_aTaeger, Marc, _d1963- _etraductor _914186 |
|
| 942 |
_2loc _cBKINF |
||
| 264 |
_aSevilla _bKalandraka _c2010 |
||
| 336 |
_atexto _btxt _2rdacontent |
||
| 337 |
_asin mediación _bn _2rdamedia |
||
| 338 |
_avolumen _bnc _2rdacarrier |
||
| 040 |
_aCO-BoRNBP _bspa _erda _cCO-BoRNBP |
||
| 084 | _aC GRI1 | ||
| 999 |
_c3554 _d3554 |
||